Weihnachtslieder - Statistiken

Allgemein
  • Dieses Quiz wurde 297 mal gespielt
  • Das Durchschnittsergebnis liegt bei 7 aus 16
Antwortstatistiken
Liedtext Titel % Korrekt
Du grünst nicht nur zur Sommerzeit, nein auch im Winter, wenn es schneit O Tannenbaum
92%
Öffnet mir die Türen, lasst mich nicht erfrieren! Kling, Glöckchen, klingelingeling
75%
Alles schläft, einsam wacht nur das traute hoch heilige Paar Stille Nacht, heilige Nacht
71%
Du wohnst in den Wolken, dein Weg ist so weit Schneeflöckchen, Weißröckchen
63%
Weihnachtlich glänzet der Wald, freue dich, Christkind kommt bald! Leise rieselt der Schnee
60%
Welt ging verloren, Christ ist geboren O du fröhliche
59%
Tönet durch die Lüfte froher Schall Fröhliche Weihnacht überall
48%
Und seht, was in dieser hochheiligen Nacht der Vater im Himmel für Freude uns macht Ihr Kinderlein kommet
43%
Kehrt mit seinem Segen ein in jedes Haus Alle Jahre wieder
38%
Lustig, lustig, tralalalala, bald ist Niklausabend da Lasst uns froh und munter sein
37%
Einmal werden wir noch wach, heißa, dann ist Weihnachtstag! Morgen, Kinder, wird's was geben
31%
Und hat ein Blümlein bracht mitten im kalten Winter Es ist ein Ros entsprungen
28%
Der guten Mär bring ich so viel, davon ich singen und sagen will Vom Himmel hoch, da komm ich her
24%
S'ist, als ob Engelein singen wieder von Frieden und Freud Süßer die Glocken nie klingen
21%
Sieh, dein König kommt zu dir, ja, er kommt, der Friedefürst Tochter Zion, freue dich
18%
Christus, der Herr, ist heute geboren, den Gott zum Heiland euch hat erkoren Kommet ihr Hirten
16%
Keine übereinstimmenden Quizze gefunden
Verteilung der Resultate
Anzahl Personen mit jedem Resultat
Perzentil nach korrekt beantworteten Fragen
Ihre Resultats-Entwicklung
Sie haben dieses Quiz noch nicht gespielt